Product placement: STOP

Otázka tzv. product placementu v českom televíznom seriáli. Platnosť zákona o regulácii reklamy. Product placement ako zakázaná reklama. Klamanie spotrebiteľa. Zákaz platí pre všetky médiá. Zakázaná reklama ako jedna z foriem nekalej súťaže.

Guardado en:
Detalles Bibliográficos
Autor principal: Štajer, Libor
Formato: Capítulo de libro
Lenguaje:checo
Materias:
Etiquetas: Agregar Etiqueta
Sin Etiquetas, Sea el primero en etiquetar este registro!

MARC

LEADER 00000naa$a2200000$$$4500
001 0051696
005 20231018130032.2
041 0 |a cze 
044 |a CZ 
245 1 0 |a Product placement: STOP  |c Libor Štajer 
520 |a Otázka tzv. product placementu v českom televíznom seriáli. Platnosť zákona o regulácii reklamy. Product placement ako zakázaná reklama. Klamanie spotrebiteľa. Zákaz platí pre všetky médiá. Zakázaná reklama ako jedna z foriem nekalej súťaže. 
610 2 0 |a propagácia 
610 2 0 |a reklama 
610 2 0 |a značky výrobkov 
610 2 0 |a logo 
610 2 0 |a súťaž nekalá 
610 2 0 |a médiá 
610 2 0 |a legislatíva 
100 1 |a Štajer, Libor